[Event "Sparkassen-Open A"]
[Site "Heusenstamm, Martinsee"]
[Date "2022.11.19"]
[Round "5.38"]
[White "Kocharin, Timur"]
[Black "Böhmer, Thomas"]
[Result "1-0"]
[WhiteElo "2103"]
[BlackElo "1969"]
[PlyCount "57"]
[EventDate "2022.??.??"]
[WhiteTeam "TSV Schönaich"]
[BlackTeam "Sfr Stiller Zug Wiesbaden"]

1. d4 Nf6 2. c4 e6 3. Nc3 Bb4 4. f3 d5 5. a3 Bxc3+ 6. bxc3 O-O 7. cxd5 exd5 8.
e3 Bf5 9. Ne2 h5 10. Ng3 Bg6 11. Bd3 Bxd3 12. Qxd3 Re8 13. O-O g6 14. c4 c6 15.
Bb2 h4 16. Nh1 Na6 17. Rae1 Nc7 18. e4 Ne6 19. cxd5 cxd5 20. Qd2 Qb6 21. Nf2
Rad8 22. e5 Nh5 23. Ng4 Nef4 24. g3 hxg3 25. hxg3 Nxg3 26. Qxf4 Nxf1 27. Ba1 f5
28. Nf6+ Qxf6 29. exf6 1-0

[Event "Sparkassen-Open A"]
[Site "Heusenstamm, Martinsee"]
[Date "2022.11.19"]
[Round "5.39"]
[White "Steinle, Carsten"]
[Black "Berberich, Christoph"]
[Result "1-0"]
[WhiteElo "2082"]
[BlackElo "1952"]
[PlyCount "137"]
[EventDate "2022.??.??"]
[WhiteTeam "SV Ahlen 1954"]
[BlackTeam "FSF 1887 Zähringen"]

1. Nf3 Nf6 2. g3 g6 3. Bg2 Bg7 4. O-O O-O 5. d4 c5 6. c3 d5 7. Bf4 Qb6 8. Qb3
c4 9. Qc2 Bf5 10. Qc1 Nc6 11. h3 Be4 12. Nbd2 Nh5 13. Nxe4 dxe4 14. Nd2 Nxf4
15. gxf4 f5 16. Nxc4 Qa6 17. b3 b5 18. Ne5 Rac8 19. e3 Bxe5 20. fxe5 Nb4 21.
Qd2 Nd5 22. Rfc1 Qa5 23. Bf1 Rxc3 24. Rxc3 Qxc3 25. Qxc3 Nxc3 26. Rc1 b4 27.
Bc4+ Kg7 28. a3 a5 29. axb4 axb4 30. Ra1 Rb8 31. Ra7 Kf8 32. Kg2 h6 33. Kg3 g5
34. Be6 Ne2+ 35. Kg2 f4 36. Bc4 f3+ 37. Kh2 Nc3 38. Ra6 Kg7 39. Be6 Nd1 40. Kg1
Nc3 41. Bf5 Rf8 42. Bg4 Rb8 43. Kf1 Rb7 44. Be6 Rc7 45. Bc4 h5 46. Rb6 Ra7 47.
Ra6 Rc7 48. Kg1 Ne2+ 49. Kh2 Nc3 50. Ra8 Nd1 51. Kg1 Nc3 52. Rg8+ Kh6 53. Ra8
Ne2+ 54. Kh2 Nc3 55. d5 Rd7 56. Ra6+ Kg7 57. Ra5 h4 58. d6 exd6 59. e6 Re7 60.
Rxg5+ Kf6 61. Rh5 d5 62. Bxd5 Nxd5 63. Rxd5 Rg7 64. Rd4 Rg2+ 65. Kh1 Rxf2 66.
Rxe4 Re2 67. e7 Re1+ 68. Kh2 Re2+ 69. Kg1 1-0

[Event "Sparkassen-Open A"]
[Site "Heusenstamm, Martinsee"]
[Date "2022.11.19"]
[Round "5.41"]
[White "Bräutigam, Thomas"]
[Black "Oster, Klaus"]
[Result "1/2-1/2"]
[WhiteElo "2051"]
[BlackElo "1916"]
[PlyCount "30"]
[EventDate "2022.??.??"]
[WhiteTeam "SV Würzburg von 1865"]
[BlackTeam "SF Dettingen 1950"]

1. d4 d5 2. Nf3 Nf6 3. g3 e6 4. Bg2 c5 5. O-O Nc6 6. c4 dxc4 7. Qa4 Bd7 8. Qxc4
b5 9. Qd3 c4 10. Qd1 Rc8 11. Re1 Be7 12. e4 O-O 13. d5 exd5 14. exd5 Nb4 15.
Ne5 Bd6 1/2-1/2

[Event "Sparkassen-Open A"]
[Site "Heusenstamm, Martinsee"]
[Date "2022.11.19"]
[Round "5.42"]
[White "Stork, Christopher"]
[Black "Kürschner, Liam"]
[Result "1/2-1/2"]
[WhiteElo "2021"]
[BlackElo "1900"]
[PlyCount "53"]
[EventDate "2022.??.??"]
[WhiteTeam "SV Oberursel"]
[BlackTeam "SK Langen"]

1. e4 c5 2. Nf3 g6 3. d4 cxd4 4. Nxd4 Bg7 5. Nc3 Nc6 6. Be3 Nf6 7. Bc4 O-O 8.
Bb3 d6 9. h3 Bd7 10. O-O a6 11. Re1 b5 12. a3 Rc8 13. Qd2 Re8 14. Rad1 Na5 15.
Bg5 Nc4 16. Bxc4 bxc4 17. Nf3 Be6 18. Qc1 Qc7 19. Bf4 Nd7 20. Be3 Ne5 21. Nd4
Bd7 22. f4 Nc6 23. Nf3 Qb7 24. Na4 Qb5 25. Nc3 Qb7 26. Na4 Qb5 27. Nc3 1/2-1/2

[Event "Sparkassen-Open A"]
[Site "Heusenstamm, Martinsee"]
[Date "2022.11.19"]
[Round "5.43"]
[White "Weil, Michael"]
[Black "Langedijk, Ardjan"]
[Result "0-1"]
[WhiteElo "1879"]
[BlackElo "2059"]
[PlyCount "82"]
[EventDate "2022.??.??"]
[WhiteTeam "SC Steinbach"]
[BlackTeam "Caissa Eenhorn"]

1. d4 d5 2. Nf3 e6 3. e3 Nf6 4. Bd3 c5 5. c3 Nc6 6. Nbd2 cxd4 7. exd4 Bd6 8.
O-O O-O 9. Qe2 a6 10. Ne5 Bd7 11. f4 Rc8 12. Qf3 Na7 13. Re1 b5 14. a3 Nc6 15.
Qh3 g6 16. g4 Rc7 17. Ndf3 Bc8 18. Ng5 Na5 19. Bc2 Nc4 20. Qh6 Re8 21. Rf1 Bf8
22. Qh3 Bg7 23. b3 Nd6 24. Bd2 h6 25. c4 hxg5 26. fxg5 Nfe4 27. Ba5 bxc4 28.
Bxe4 dxe4 29. bxc4 Qe7 30. c5 Bxe5 31. dxe5 Nc4 32. Bxc7 Qxc5+ 33. Rf2 Qxc7 34.
Raf1 Nxe5 35. Qg3 Re7 36. Qf4 Nf3+ 37. Rxf3 exf3 38. Qxf3 Qc5+ 39. Qf2 Rc7 40.
Kg2 Bb7+ 41. Kg3 Qc3+ 0-1

[Event "Sparkassen-Open A"]
[Site "Heusenstamm, Martinsee"]
[Date "2022.11.19"]
[Round "5.44"]
[White "Simukov, Erik"]
[Black "Root, Martin"]
[Result "1-0"]
[WhiteElo "2000"]
[BlackElo "1771"]
[PlyCount "68"]
[EventDate "2022.??.??"]
[WhiteTeam "SVG CAISSA Kassel"]
[BlackTeam "Spvgg Böblingen"]

1. e4 c5 2. Nf3 e6 3. d4 cxd4 4. Nxd4 a6 5. Be2 Nf6 6. Nc3 Qc7 7. O-O Be7 8. f4
d6 9. Be3 O-O 10. Bf3 Nbd7 11. Qe1 Rb8 12. Qg3 b5 13. Nd5 Nxd5 14. exd5 exd5
15. Bxd5 Nf6 16. Bb3 Ne4 17. Qe1 Bf6 18. c3 Re8 19. a4 Qd7 20. axb5 axb5 21.
Bd5 Bb7 22. Ra7 Qc8 23. Rxb7 Rxb7 24. Bxb7 Qxb7 25. Nc2 Qd5 26. Bd4 Bxd4+ 27.
Nxd4 b4 28. Rf3 bxc3 29. bxc3 f5 30. Re3 Rc8 31. Nxf5 Qxf5 32. Rxe4 Qc5+ 33.
Kh1 Qxc3 34. Re8+ Kf7 1-0

[Event "Sparkassen-Open A"]
[Site "Heusenstamm, Martinsee"]
[Date "2022.11.19"]
[Round "5.45"]
[White "Hänselmann, Hendrik"]
[Black "Bahlo, Jens"]
[Result "1-0"]
[WhiteElo "2017"]
[BlackElo "1898"]
[PlyCount "67"]
[EventDate "2022.??.??"]
[WhiteTeam "Karlsruher SF"]
[BlackTeam "SK 1858 Gießen"]

1. e4 c5 2. Nc3 a6 3. g3 b5 4. Bg2 Bb7 5. d3 e6 6. Nh3 Nc6 7. O-O h5 8. f4 Nd4
9. Ne2 Qc7 10. c3 Nxe2+ 11. Qxe2 Ne7 12. Be3 g6 13. f5 gxf5 14. exf5 Bxg2 15.
Qxg2 Qc6 16. fxe6 fxe6 17. Qf2 Nf5 18. Bg5 Be7 19. Bxe7 Kxe7 20. Rae1 Kd8 21.
Ng5 Kc7 22. Ne4 d6 23. Ng5 h4 24. Nxe6+ Kb6 25. Qxf5 hxg3 26. Qf3 Qd7 27. hxg3
Qh7 28. Re2 Qh6 29. Qd5 Rac8 30. b4 Qh3 31. Qxd6+ Rc6 32. bxc5+ Ka5 33. Qxc6
Qxg3+ 34. Qg2 1-0

[Event "Sparkassen-Open A"]
[Site "Heusenstamm, Martinsee"]
[Date "2022.11.19"]
[Round "5.46"]
[White "Steudel, Max"]
[Black "Buchinger, Alexis"]
[Result "1/2-1/2"]
[WhiteElo "2043"]
[BlackElo "1774"]
[PlyCount "83"]
[EventDate "2022.??.??"]
[WhiteTeam "SC Brett vorm Kopp Ffm"]
[BlackTeam "SF Neuberg"]

1. c4 g6 2. Nf3 Bg7 3. d4 Nf6 4. g3 O-O 5. Bg2 d6 6. Nc3 c6 7. O-O Bf5 8. Nh4
Be6 9. d5 cxd5 10. cxd5 Bd7 11. e4 Na6 12. h3 Rc8 13. Qe2 Qa5 14. Bd2 b5 15. a3
Qb6 16. Be3 Qb7 17. Rac1 Ne8 18. Nf3 Nc5 19. Nd4 Bxd4 20. Bxd4 Nb3 21. Rcd1
Nxd4 22. Rxd4 f6 23. Kh2 a5 24. Re1 Ng7 25. Qd2 Rc7 26. Ne2 Qb6 27. Rc1 Rfc8
28. Rxc7 Rxc7 29. Kg1 f5 30. b4 axb4 31. Rxb4 Qa5 32. exf5 Nxf5 33. Qb2 Ra7 34.
g4 Nh4 35. Nc3 Qxa3 36. Qxa3 Rxa3 37. Nxb5 Nxg2 38. Kxg2 Bxb5 39. Rxb5 g5 40.
Rb8+ Kg7 41. Re8 Kf7 42. Rh8 1/2-1/2

[Event "Sparkassen-Open A"]
[Site "Heusenstamm, Martinsee"]
[Date "2022.11.19"]
[Round "5.47"]
[White "Swoboda, Philipp"]
[Black "Schellenberger, Dirk"]
[Result "1-0"]
[WhiteElo "2002"]
[BlackElo "1799"]
[PlyCount "111"]
[EventDate "2022.??.??"]
[WhiteTeam "SV Frankfurt Nord 1926"]
[BlackTeam "SC Aschaffenburg"]

1. d4 Nf6 2. c4 g6 3. Nc3 d5 4. Nf3 Bg7 5. Qb3 dxc4 6. Qxc4 O-O 7. e4 c6 8. Be2
Nbd7 9. e5 Nb6 10. exf6 Nxc4 11. fxg7 Kxg7 12. Bxc4 Bg4 13. Be3 Bxf3 14. gxf3
Qd7 15. O-O-O Qf5 16. f4 e6 17. h4 h5 18. Rdg1 Qf6 19. Rg5 Rad8 20. Ne4 Qe7 21.
a3 b5 22. Bb3 a5 23. Rhg1 a4 24. Ba2 b4 25. axb4 Qxb4 26. Bd2 Qb6 27. Bc3 Rd5
28. Bxd5 cxd5 29. Nc5 Ra8 30. Kd2 a3 31. b3 a2 32. Ra1 Qb8 33. Ke3 Ra3 34. Rgg1
Qd8 35. Rh1 Qf6 36. f3 Qf5 37. Rh2 Qb1 38. Rhxa2 Qxa2 39. Rxa2 Rxa2 40. b4 Kf8
41. b5 Ke8 42. b6 Kd8 43. b7 Kc7 44. f5 Ra3 45. fxe6 fxe6 46. Kd2 Ra2+ 47. Kd3
Kb8 48. Bd2 Ra3+ 49. Ke2 Ra2 50. Kd1 Ra1+ 51. Kc2 Ra2+ 52. Kc1 e5 53. dxe5 Ra1+
54. Kb2 Rf1 55. e6 Rf2 56. Kc1 1-0

[Event "Sparkassen-Open A"]
[Site "Heusenstamm, Martinsee"]
[Date "2022.11.19"]
[Round "5.48"]
[White "Weil, Volker"]
[Black "Marchese, Andrea"]
[Result "1-0"]
[WhiteElo "2031"]
[BlackElo "1869"]
[PlyCount "99"]
[EventDate "2022.??.??"]
[WhiteTeam "SC Steinbach"]
[BlackTeam "SC Matt im Park Ffm"]

1. d4 d5 2. Nf3 Nf6 3. Bf4 g6 4. e3 Bg7 5. h3 Nbd7 6. Be2 O-O 7. Nbd2 c5 8. c3
b6 9. O-O Bb7 10. Bh2 Re8 11. Qc2 Qc8 12. a4 a6 13. Rfd1 Qc6 14. Rac1 Rac8 15.
Bf1 Bh6 16. a5 b5 17. dxc5 Nxc5 18. Ne5 Qe6 19. Ndf3 Rcd8 20. g4 Nfe4 21. Nd4
Qc8 22. Bg2 Nd7 23. Nxd7 Rxd7 24. Nf3 Bg7 25. Ne5 Rdd8 26. b4 e6 27. c4 bxc4
28. Bxe4 dxe4 29. Nxc4 Rxd1+ 30. Qxd1 Rd8 31. Qf1 Qd7 32. Nd6 e5 33. Nxb7 Qxb7
34. Qc4 Rb8 35. Kg2 Qb5 36. Qxb5 Rxb5 37. Rc8+ Bf8 38. Ra8 Kg7 39. Rxa6 Bxb4
40. Rb6 Rxb6 41. axb6 Bd6 42. g5 Kf8 43. f4 exf3+ 44. Kxf3 Ke7 45. Ke4 Ke6 46.
Bg3 Bb8 47. Be1 f6 48. gxf6 Kxf6 49. Kd5 Kf5 50. Bb4 1-0

[Event "Sparkassen-Open A"]
[Site "Heusenstamm, Martinsee"]
[Date "2022.11.19"]
[Round "5.49"]
[White "Gebhardt, Ulrich"]
[Black "Winter, Lars"]
[Result "1-0"]
[WhiteElo "2006"]
[BlackElo "1880"]
[PlyCount "145"]
[EventDate "2022.??.??"]
[WhiteTeam "SK Ettlingen"]
[BlackTeam "SV Fechenheim"]

1. d4 Nf6 2. c4 g6 3. Nc3 Bg7 4. e4 d6 5. Nf3 O-O 6. Be2 e5 7. dxe5 dxe5 8.
Qxd8 Rxd8 9. Bg5 Re8 10. Nd5 Nxd5 11. cxd5 c6 12. Bc4 b5 13. Bb3 a5 14. a4 Bd7
15. O-O bxa4 16. Bc4 cxd5 17. Bxd5 Nc6 18. Rfd1 Ra7 19. Be3 Nd4 20. Nxd4 exd4
21. Bxd4 Bxd4 22. Rxd4 Rb8 23. Rd2 Kf8 24. Kf1 Ke7 25. Ke1 Rb4 26. Kd1 Be6 27.
Bxe6 Kxe6 28. f3 Rab7 29. Kc1 R7b5 30. Ra3 f5 31. exf5+ Kxf5 32. Kb1 h5 33. Ka2
h4 34. Rad3 Kf4 35. Ka3 Rb3+ 36. Rxb3 axb3 37. Rd4+ Kg5 38. Ka4 Rc5 39. Kxb3 h3
40. g3 Rf5 41. Rd3 Kf6 42. Kc2 g5 43. Kd2 g4 44. Ke2 Rb5 45. b3 Kf5 46. fxg4+
Kxg4 47. Rd4+ Kg5 48. Rh4 Rxb3 49. Rxh3 a4 50. Rh8 a3 51. h4+ Kg4 52. Rg8+ Kh5
53. Rg5+ Kh6 54. Kf2 Rb2+ 55. Kf3 Rb3+ 56. Kg2 Rb2+ 57. Kh3 a2 58. Ra5 Rc2 59.
Ra6+ Kh7 60. h5 Rb2 61. Kh4 Rc2 62. g4 Rb2 63. Ra7+ Kh8 64. h6 Rh2+ 65. Kg5 Rb2
66. Kg6 Rb6+ 67. Kh5 Rb2 68. g5 Kg8 69. g6 Rh2+ 70. Kg5 Rg2+ 71. Kf5 Rf2+ 72.
Ke4 Rf8 73. h7+ 1-0

[Event "Sparkassen-Open A"]
[Site "Heusenstamm, Martinsee"]
[Date "2022.11.19"]
[Round "5.50"]
[White "Reinecke, Katharina"]
[Black "Minor, Viatcheslav"]
[Result "0-1"]
[WhiteElo "1875"]
[BlackElo "2025"]
[PlyCount "64"]
[EventDate "2022.??.??"]
[WhiteTeam "SK Langen"]
[BlackTeam "SV Eisenach"]

1. d4 Nf6 2. c4 e5 3. dxe5 Ng4 4. Nf3 Bc5 5. e3 Nc6 6. Be2 O-O 7. O-O Ngxe5 8.
a3 a5 9. b3 Nxf3+ 10. Bxf3 Ne5 11. Bb2 Nxf3+ 12. Qxf3 Ra6 13. Nc3 Re8 14. Nd5
Rg6 15. b4 axb4 16. axb4 Bf8 17. c5 d6 18. Nf4 Rh6 19. c6 bxc6 20. Qxc6 Bd7 21.
Qf3 Qb8 22. Bc3 c6 23. Ra5 d5 24. b5 cxb5 25. Qxd5 Bc6 26. Qg5 Ree6 27. g3 Re8
28. Rfa1 Qc8 29. Ra6 f6 30. Bxf6 Rxf6 31. Ra7 b4 32. h4 b3 0-1

[Event "Sparkassen-Open A"]
[Site "Heusenstamm, Martinsee"]
[Date "2022.11.19"]
[Round "5.51"]
[White "Schröder, Jürgen"]
[Black "Buchholz, Maja Patricia"]
[Result "1-0"]
[WhiteElo "2025"]
[BlackElo "1695"]
[PlyCount "81"]
[EventDate "2022.??.??"]
[WhiteTeam "SC Matt im Park Ffm"]
[BlackTeam "Wiesbadener SV 1885"]

1. e4 e6 2. d3 d5 3. Nd2 Nc6 4. Ngf3 Nf6 5. e5 Nd7 6. d4 f6 7. Bb5 fxe5 8. dxe5
Be7 9. Bxc6 bxc6 10. Nd4 Nb8 11. Qg4 Bf8 12. N2f3 Qd7 13. Ng5 g6 14. O-O Na6
15. Bd2 c5 16. Qxe6+ Qxe6 17. Ndxe6 Be7 18. Ng7+ Kf8 19. N7e6+ Kg8 20. h4 h6
21. Nf4 hxg5 22. Nxg6 Rh7 23. hxg5 Bf5 24. Nxe7+ Rxe7 25. f4 Bxc2 26. g4 Be4
27. Rf2 Rb8 28. b3 c6 29. Rh2 Rh7 30. Rxh7 Kxh7 31. Kf2 Rh8 32. f5 Kg7 33. Kg3
Rd8 34. Kf4 Nb4 35. Bxb4 cxb4 36. Rc1 Rc8 37. e6 c5 38. Ke5 Rc6 39. g6 a6 40.
e7 Rc8 41. Rxc5 1-0

[Event "Sparkassen-Open A"]
[Site "Heusenstamm, Martinsee"]
[Date "2022.11.19"]
[Round "5.52"]
[White "Vihan, Shourya"]
[Black "Woestmann, Ulrich"]
[Result "1/2-1/2"]
[WhiteElo "1661"]
[BlackElo "1991"]
[PlyCount "105"]
[EventDate "2022.??.??"]
[WhiteTeam "SV 1934 Ffm-Griesheim"]
[BlackTeam "SV Ahlen 1954"]

1. d4 Nf6 2. c4 g6 3. Nc3 d5 4. cxd5 Nxd5 5. e4 Nxc3 6. bxc3 Bg7 7. Be3 O-O 8.
Bc4 c5 9. Ne2 Nd7 10. O-O Qc7 11. Bd3 b6 12. f3 Bb7 13. Qd2 Rad8 14. Rac1 e6
15. Rfd1 c4 16. Bb1 Nf6 17. Bf4 Qc8 18. Bg5 Rd7 19. e5 Nd5 20. Be4 f6 21. exf6
Nxf6 22. Bxb7 Qxb7 23. Bxf6 Bxf6 24. Qe3 Re7 25. f4 Qd5 26. g3 g5 27. Rf1 h6
28. Qf3 Qxf3 29. Rxf3 g4 30. Re3 b5 31. Kg2 Kf7 32. Re1 a5 33. a3 Rb8 34. Rc1
Rc7 35. h3 h5 36. hxg4 hxg4 37. Rc2 Be7 38. Ra2 Bd6 39. Nc1 Kf6 40. Re1 Rh7 41.
Rh1 Rxh1 42. Kxh1 Kf5 43. Kg2 Ke4 44. Re2+ Kd5 45. Ra2 b4 46. axb4 axb4 47.
cxb4 Rxb4 48. Ne2 Rb3 49. Ra5+ Kc6 50. Rg5 c3 51. d5+ Kd7 52. dxe6+ Ke7 53.
Nxc3 1/2-1/2

[Event "Sparkassen-Open A"]
[Site "Heusenstamm, Martinsee"]
[Date "2022.11.19"]
[Round "5.53"]
[White "Wadiei, Soroush"]
[Black "Hoppstädter, Daniel"]
[Result "1/2-1/2"]
[WhiteElo "1725"]
[BlackElo "1934"]
[PlyCount "98"]
[EventDate "2022.??.??"]
[WhiteTeam "SV Nürtingen 1920"]
[BlackTeam "SC Illingen"]

1. d4 Nf6 2. c4 c5 3. d5 e6 4. Nc3 exd5 5. cxd5 d6 6. Nf3 g6 7. Nd2 Nbd7 8. e4
Bg7 9. Be2 O-O 10. O-O Re8 11. a4 a6 12. Re1 h5 13. f4 Ng4 14. Bxg4 hxg4 15.
Qxg4 Bd4+ 16. Kh1 Nf6 17. Qg5 Ng4 18. Qxd8 Nf2+ 19. Kg1 Nxe4+ 20. Kf1 Nxd2+ 21.
Bxd2 Rxd8 22. h3 b6 23. Re7 Bd7 24. g4 Kf8 25. Rae1 Bf6 26. R7e2 Re8 27. b3
Rxe2 28. Rxe2 b5 29. Ne4 Be7 30. a5 b4 31. Kg2 Re8 32. f5 gxf5 33. Bh6+ Kg8 34.
gxf5 f6 35. Bf4 Kf7 36. Kf3 Rd8 37. Nxd6+ Bxd6 38. Bxd6 Bxf5 39. Re7+ Kg6 40.
Bxc5 Rxd5 41. Bxb4 Rb5 42. Be1 Rxb3+ 43. Re3 Rb8 44. Kf4 Bd7 45. Rg3+ Kf7 46.
h4 Re8 47. Re3 Rc8 48. Re4 Rg8 49. Rb4 Rg4+ 1/2-1/2

[Event "Sparkassen-Open A"]
[Site "Heusenstamm, Martinsee"]
[Date "2022.11.19"]
[Round "5.54"]
[White "Stümer, Paul"]
[Black "Nickel, Jonas"]
[Result "1-0"]
[WhiteElo "2009"]
[BlackElo "1771"]
[PlyCount "45"]
[EventDate "2022.??.??"]
[WhiteTeam "SV Bergneustadt/Dersch"]
[BlackTeam "SD Büdingen-Wächtersbach"]

1. Nf3 d5 2. e3 Nf6 3. c4 e6 4. b3 c6 5. Bb2 Nbd7 6. Be2 Bd6 7. O-O O-O 8. d4
b6 9. Ne5 Bb7 10. Nd2 Qe7 11. Bf3 c5 12. Qc2 Rac8 13. Rac1 Rfd8 14. Qb1 Ba8 15.
Rfe1 cxd4 16. Nxd7 Qxd7 17. exd4 Bf4 18. Rcd1 Qc7 19. Nf1 dxc4 20. Bxa8 Rxa8
21. bxc4 Qxc4 22. g3 Qd5 23. gxf4 1-0

[Event "Sparkassen-Open A"]
[Site "Heusenstamm, Martinsee"]
[Date "2022.11.19"]
[Round "5.55"]
[White "von Wahden, Jens"]
[Black "Pauls, Wilhelm"]
[Result "1/2-1/2"]
[WhiteElo "1684"]
[BlackElo "2007"]
[PlyCount "86"]
[EventDate "2022.??.??"]
[WhiteTeam "SV Oberursel"]
[BlackTeam "SG Kaarst 1912/35"]

1. d4 Nf6 2. c4 g6 3. Nc3 Bg7 4. e4 d6 5. f3 O-O 6. Be3 Nc6 7. Nge2 a6 8. Qd2
Rb8 9. Nc1 e5 10. d5 Nd4 11. Be2 c5 12. O-O Bd7 13. a4 Ne8 14. a5 b5 15. axb6
Qxb6 16. Rb1 Kh8 17. Bd3 Nf6 18. h3 Be8 19. N3e2 Ng8 20. Nxd4 cxd4 21. Bf2 Bh6
22. Qc2 a5 23. Na2 Qc7 24. b4 axb4 25. Rxb4 Bd7 26. Rfb1 Rxb4 27. Rxb4 Ra8 28.
Rb2 Ra3 29. Be1 Qa7 30. Bb4 Rc3 31. Qe2 Rxc4 32. Bxd6 f6 33. Kh1 Ra4 34. Qc2
Bf4 35. Bc5 Qa8 36. Kg1 Bg3 37. Qb3 Qa5 38. Bb4 Qb6 39. Kh1 Ra8 40. Rb1 Rb8 41.
Nc1 Bf2 42. Bd2 Qxb3 43. Nxb3 Rc8 1/2-1/2

[Event "Sparkassen-Open A"]
[Site "Heusenstamm, Martinsee"]
[Date "2022.11.19"]
[Round "5.56"]
[White "Richter, Gerald"]
[Black "Burg, Samuel"]
[Result "1/2-1/2"]
[WhiteElo "2006"]
[BlackElo "1676"]
[PlyCount "59"]
[EventDate "2022.??.??"]
[WhiteTeam "Siegener SV 1878"]
[BlackTeam "Spvgg Böblingen"]

1. d4 Nf6 2. c4 g6 3. Nc3 d5 4. cxd5 Nxd5 5. e4 Nxc3 6. bxc3 Bg7 7. Bc4 c5 8.
Ne2 Nc6 9. Be3 O-O 10. O-O Bg4 11. f3 Na5 12. Bxf7+ Rxf7 13. fxg4 Rxf1+ 14.
Kxf1 Qd6 15. e5 Nc4 16. Bf2 Qa6 17. Kg1 Rd8 18. Qb3 e6 19. Ng3 Na5 20. Qa4 b5
21. Qc2 cxd4 22. cxd4 Rc8 23. Qe2 Qc6 24. Ne4 Qc4 25. Qxc4 Nxc4 26. Nc5 Kf7 27.
Bh4 Nxe5 28. Rf1+ Kg8 29. Nxe6 Nxg4 30. Nxg7 1/2-1/2

[Event "Sparkassen-Open A"]
[Site "Heusenstamm, Martinsee"]
[Date "2022.11.19"]
[Round "5.57"]
[White "Martin, Reiner"]
[Black "Markosyan, Aleksandr"]
[Result "1/2-1/2"]
[WhiteElo "1996"]
[BlackElo "1805"]
[PlyCount "73"]
[EventDate "2022.??.??"]
[WhiteTeam "SC Bad Soden"]
[BlackTeam "SG Idstein"]

1. d4 Nf6 2. c4 c5 3. d5 b5 4. cxb5 a6 5. f3 d6 6. e4 g6 7. Na3 Bg7 8. Ne2 O-O
9. Nc3 Nbd7 10. Be2 axb5 11. Naxb5 Ba6 12. O-O Qb6 13. Be3 Rfb8 14. a4 Ne8 15.
Qd2 Nc7 16. Rfb1 Qa5 17. Bg5 Bxc3 18. Nxc3 f6 19. Be3 c4 20. f4 Nc5 21. Ra3 Qb4
22. h4 Bc8 23. Bd1 Bd7 24. h5 gxh5 25. Bxh5 Nxa4 26. f5 Nxc3 27. Rxc3 Nb5 28.
Rcc1 Qxd2 29. Bxd2 Ra2 30. Bh6 Rc8 31. Be2 Ra4 32. b3 Rb4 33. Bxc4 Na3 34. Ra1
Nxc4 35. bxc4 Kf7 36. Kf2 Ba4 37. Rab1 1/2-1/2

[Event "Sparkassen-Open A"]
[Site "Heusenstamm, Martinsee"]
[Date "2022.11.19"]
[Round "5.58"]
[White "Werner, Florin"]
[Black "Haasner, Tom"]
[Result "0-1"]
[WhiteElo "1669"]
[BlackElo "1990"]
[PlyCount "72"]
[EventDate "2022.??.??"]
[WhiteTeam "VSG 1880 Offenbach"]
[BlackTeam "TSV 1869 Rottendorf"]

1. e4 c5 2. Nf3 e6 3. d4 cxd4 4. Nxd4 Nf6 5. Nc3 Nc6 6. Be3 Bb4 7. Bd3 d5 8.
exd5 Nxd5 9. Nxc6 bxc6 10. Bd2 Nxc3 11. Bxc3 Bxc3+ 12. bxc3 Qa5 13. Qd2 O-O 14.
O-O Rd8 15. Qe3 g6 16. Be4 Ba6 17. Rfd1 Rxd1+ 18. Rxd1 Qxa2 19. Bxc6 Qxc2 20.
Re1 Rd8 21. h3 Rd1 22. Rxd1 Qxd1+ 23. Kh2 Qd6+ 24. f4 Qxc6 25. Qxa7 Bb7 26.
Qb8+ Kg7 27. Qe5+ f6 28. Qe2 Qe4 29. Qd2 Bd5 30. Qf2 e5 31. fxe5 Qxe5+ 32. Kg1
Qxc3 33. Qa7+ Bf7 34. Qe7 Qa1+ 35. Kf2 Qd4+ 36. Kf1 Kg8 0-1

[Event "Sparkassen-Open A"]
[Site "Heusenstamm, Martinsee"]
[Date "2022.11.19"]
[Round "5.59"]
[White "Büse, Ralf"]
[Black "Akhmatovski, Maxim"]
[Result "1-0"]
[WhiteElo "1870"]
[BlackElo "1934"]
[PlyCount "49"]
[EventDate "2022.??.??"]
[WhiteTeam "SC Ladja Roßdorf"]
[BlackTeam "SV Oberursel"]

1. d4 Nf6 2. Nf3 c5 3. d5 e6 4. Nc3 exd5 5. Nxd5 Nxd5 6. Qxd5 d6 7. Ng5 Qc7 8.
Bf4 Nc6 9. O-O-O Nb4 10. Qe4+ Qe7 11. a3 Qxe4 12. Nxe4 Bf5 13. Nxd6+ Bxd6 14.
Bxd6 Nxc2 15. e3 O-O-O 16. Bc4 f6 17. Rd5 Be6 18. Rxc5+ Kd7 19. Rd1 Bxc4 20.
Bc7+ Ke7 21. Bxd8+ Rxd8 22. Rxd8 Kxd8 23. Rxc4 Ne1 24. Kd2 Nxg2 25. Rg4 1-0

[Event "Sparkassen-Open A"]
[Site "Heusenstamm, Martinsee"]
[Date "2022.11.19"]
[Round "5.61"]
[White "Bäumer, Frank"]
[Black "Burkhardt, Jan"]
[Result "1/2-1/2"]
[WhiteElo "1914"]
[BlackElo "1619"]
[PlyCount "46"]
[EventDate "2022.??.??"]
[WhiteTeam "Gambit Gusenburg"]
[BlackTeam "Sfr.Mainz 1928"]

1. e4 e5 2. Nf3 Nc6 3. Bc4 Bc5 4. c3 Nf6 5. d3 a6 6. Bb3 d6 7. h3 h6 8. Nbd2
Ne7 9. d4 exd4 10. cxd4 Ba7 11. Qe2 Ng6 12. Nf1 Qe7 13. Ng3 Bd7 14. O-O Bc6 15.
e5 dxe5 16. Nf5 Bxf3 17. Qxf3 e4 18. Qg3 Qd7 19. Nxg7+ Kf8 20. Ne6+ fxe6 21.
Qxg6 Qg7 22. Qxg7+ Kxg7 23. Be3 Nd5 1/2-1/2

[Event "Sparkassen-Open A"]
[Site "Heusenstamm, Martinsee"]
[Date "2022.11.19"]
[Round "5.62"]
[White "Krychevskiy, Dmytro"]
[Black "Griesfeller, Sven"]
[Result "1/2-1/2"]
[WhiteElo "1912"]
[BlackElo "1534"]
[PlyCount "120"]
[EventDate "2022.??.??"]
[WhiteTeam "SV Oberursel"]
[BlackTeam "SD Büdingen-Wächtersbach"]

1. e4 e5 2. Nf3 Nc6 3. d4 exd4 4. Nxd4 Nf6 5. Nc3 Bb4 6. Nxc6 bxc6 7. Bd3 O-O
8. O-O Re8 9. Qf3 d5 10. Bg5 d4 11. Ne2 Bg4 12. Qxg4 Nxg4 13. Bxd8 Raxd8 14. h3
Nf6 15. Ng3 g6 16. Rad1 Re7 17. a3 Ba5 18. f4 Rde8 19. Rf3 Kg7 20. Kh2 h5 21.
e5 Nd5 22. Be4 Bb6 23. Bxd5 cxd5 24. b4 f6 25. exf6+ Kxf6 26. f5 Re3 27. Rdf1
Rxf3 28. Rxf3 Re3 29. fxg6+ Kxg6 30. Rxe3 dxe3 31. Ne2 Kf5 32. Kg3 Ke4 33. Nc3+
Kd4 34. Ne2+ Kc4 35. Kf3 c5 36. bxc5 Bxc5 37. g4 hxg4+ 38. hxg4 d4 39. Ke4 Bxa3
40. Nxd4 Bb2 41. Ne2 a5 42. Kxe3 a4 43. Kd2 a3 44. Nc1 Kd4 45. Na2 Ke4 46. g5
Kf5 47. Kd3 Kxg5 48. Kc4 Bf6 49. Kb3 Be7 50. Nc3 Kf5 51. Nb5 Ke5 52. Nxa3 Kd5
53. c4+ Kc5 54. Nb5 Bf8 55. Nc7 Bd6 56. Nd5 Bf8 57. Nf6 Be7 58. Nd5 Bf8 59. Nf4
Bd6 60. Nd3+ Kd4 1/2-1/2

[Event "Sparkassen-Open A"]
[Site "Heusenstamm, Martinsee"]
[Date "2022.11.19"]
[Round "5.63"]
[White "Müller, Maximilian"]
[Black "Ersöz, Can"]
[Result "1-0"]
[WhiteElo "1736"]
[BlackElo "1927"]
[PlyCount "67"]
[EventDate "2022.??.??"]
[WhiteTeam "SC GEMA St.Ingbert"]
[BlackTeam "SV Würzburg von 1865"]

1. e4 c5 2. Nf3 d6 3. Bb5+ Bd7 4. Bxd7+ Nxd7 5. O-O Ngf6 6. Qe2 e6 7. c4 Be7 8.
Nc3 O-O 9. d4 cxd4 10. Nxd4 a6 11. Rd1 Rc8 12. Be3 Qa5 13. Rac1 Ne5 14. b3 Neg4
15. Bd2 Qe5 16. Nf3 Qh5 17. Bf4 Rfd8 18. h3 Ne5 19. Bxe5 dxe5 20. Rxd8+ Rxd8
21. Rd1 Rxd1+ 22. Qxd1 g5 23. Qd2 g4 24. hxg4 Nxg4 25. Qd7 Bh4 26. Nd1 Qh6 27.
Nxh4 Qxh4 28. c5 Qh2+ 29. Kf1 Qh1+ 30. Ke2 Qxg2 31. Qxb7 Nh2 32. Qb8+ Kg7 33.
Qxe5+ Kh6 34. Qf6+ 1-0

[Event "Sparkassen-Open A"]
[Site "Heusenstamm, Martinsee"]
[Date "2022.11.19"]
[Round "5.64"]
[White "Burkart, Lloyd Shang"]
[Black "Busch, Malte"]
[Result "1/2-1/2"]
[WhiteElo "1768"]
[BlackElo "1823"]
[PlyCount "29"]
[EventDate "2022.??.??"]
[WhiteTeam "SV 1920 Hofheim"]
[BlackTeam "SC 1979 Hattersheim"]

1. d4 d5 2. c4 dxc4 3. e3 e5 4. dxe5 Qxd1+ 5. Kxd1 Nc6 6. Bxc4 Nxe5 7. Be2 Bf5
8. Nf3 O-O-O+ 9. Ke1 Nxf3+ 10. gxf3 Bb4+ 11. Bd2 Bxd2+ 12. Nxd2 Be6 13. Bc4
Bxc4 14. Nxc4 Nh6 15. Ke2 1/2-1/2